Introducción a la inferencia estadísitica para administración y economía (Registro nro. 1318)

Detalles MARC
000 -LEADER
fixed length control field 00874 a2200193 4500
001 - CONTROL NUMBER
control field 25209
005 - DATE AND TIME OF LATEST TRANSACTION
control field 20260407155535.0
008 - FIXED-LENGTH DATA ELEMENTS--GENERAL INFORMATION
fixed length control field 260407a1974 arg spa d
003 - CONTROL NUMBER IDENTIFIER
control field AR-UNSa-BCEJYS
040 ## - CATALOGING SOURCE
Original cataloging agency AR-UNSa-BCEJYS
Language of cataloging spa
Transcribing agency AR-UNSa-BCEJYS
080 ## - UNIVERSAL DECIMAL CLASSIFICATION NUMBER
Universal Decimal Classification number 519.2
Common auxiliary subdivision Probabilidades y estadística matemática<br/>
100 1# - MAIN ENTRY--PERSONAL NAME
Personal name Koosis, Donald J.
245 10 - TITLE STATEMENT
Title Introducción a la inferencia estadísitica para administración y economía
264 #1 - PRODUCTION, PUBLICATION, DISTRIBUTION, MANUFACTURE, AND COPYRIGHT NOTICE
Place of production, publication, distribution, manufacture México :
Name of producer, publisher, distributor, manufacturer Limusa
Date of production, publication, distribution, manufacture, or copyright notice 1974
300 ## - PHYSICAL DESCRIPTION
Extent 312 p.
Dimensions 25 cm.
505 ## - FORMATTED CONTENTS NOTE
Formatted contents note 1. Procedimientos básicos - 2. Poblaciones y muestras - 3. Estimaciones - 4. Pruebas de hipótesis - 5. Diferencias entre medias - 6. Diferencia entre dos variancias o varias medidas - 7. Relación entre dos conjuntos de mediciones - 8. Cambios con el tiempo - 9. Pruebas para distribuciones.
590 ## - LOCAL NOTE (RLIN)
Local note niveau_biblio:m niveau_hierar:0
942 ## - ADDED ENTRY ELEMENTS (KOHA)
Koha item type
Existencias
Withdrawn status Lost status Damaged status Not for loan Home library Current library Shelving location Date acquired Total checkouts Full call number Barcode Date last seen Price effective from Koha item type
        Biblioteca Prof. Eusebio Cleto del Rey Biblioteca Prof. Eusebio Cleto del Rey   07/04/2026   519.22 K75 L25310 07/04/2026 07/04/2026 Libro